Metody chemické analýzy vody /

Hlavní autor: Adam, Jiří, 1928-
Korporativní autor: Univerzita Karlova. Přírodovědecká fakulta
Jazyk: Čeština
Vydáno: Praha : Státní pedagogické nakladatelství, 1977
Vydání: 1. vyd.
Edice: Učební texty vysokých škol
Fyzický popis: 224 s.
Knihy
Uloženo v:
LEADER 00839nam a22002412a 4500
001 000360072
003 CZ BrMZK
005 20101209150720.0
007 ta
008 010907s1977 xr f cze d
015 |a cnb001803013 
040 |a BOA001  |b cze 
100 1 |a Adam, Jiří,  |d 1928-  |7 jk01010021  |4 aut 
245 1 0 |a Metody chemické analýzy vody /  |c Jiří Adam 
250 |a 1. vyd. 
260 |a Praha :  |b Státní pedagogické nakladatelství,  |c 1977 
300 |a 224 s. 
490 1 |a Učební texty vysokých škol 
710 2 |a Univerzita Karlova.  |b Přírodovědecká fakulta  |7 kn20010709364 
810 2 |a Univerzita Karlova.  |b Přírodovědecká fakulta.  |t Učební texty  |0 s 
910 |a BOA001  |b 4-0774.909 
990 |a BK 
996 6 |b 2619845217  |c 4-0774.909  |l MZK  |r Sklad / do 1 hodiny  |n 3  |p xerokopie  |w 000360072  |u 000010  |a 1  |e BOA001  |j MZK50  |s P